Score 0/18 Timer 03:00
2 Plays Today
Song Missing Word % Correct
_____! In the Name of LoveStop
96.1%
(I Can't Get No) _____Satisfaction
96.1%
I Got You _____Babe
95.1%
_____ Days a WeekEight
94.7%
Ticket to _____Ride
94.7%
You've Lost That Lovin' _____Feelin'
93.3%
I'm _____ VIII, I AmHenry
91%
I Can't _____ Myself (Sugar Pie Honey Bunch)Help
90%
Over and _____Over
89.2%
Song Missing Word % Correct
Help Me, _____Rhonda
80%
My _____Girl
77.9%
Turn! Turn! Turn! (To Everything There Is a _____)Season
74.1%
_____ On SloopyHang
73.9%
Mr. _____ ManTambourine
73.5%
Get Off of My _____Cloud
71.9%
Back in My _____ AgainArms
58.6%
____ of DestructionEve
54.7%
This _____ RingDiamond
54%

Today's Daily Dose

Remove Ads.
Support Sporcle.
Get the best of Sporcle when you Go Orange. This ad-free experience offers more features, more stats, and more fun while also helping to support Sporcle. Thank you for becoming a member.

You're not logged in!

Compare scores with friends on all Sporcle quizzes.
OR
Log In

Show Comments

Extras

Top Quizzes Today


Score Distribution

Your Account Isn't Verified!

In order to create a playlist on Sporcle, you need to verify the email address you used during registration. Go to your Sporcle Settings to finish the process.

Report this User

Report this user for behavior that violates our Community Guidelines.

Details: